| 000 | 01949nab a2200277 ab4500 | ||
|---|---|---|---|
| 005 | 20260702140404.0 | ||
| 008 | 260604b2025 sp tr poo| 0 0 spa d | ||
| 003 | |||
| 040 |
_aMX-MxUPN _bspa _cMX-MxUPN _eaacr2 |
||
| 100 | 1 |
_aMartín Artiles, Antonio _960197 |
|
| 245 | 1 | 1 |
_aModelos socioeconómicos en Europa y América Latina : _buna tipología de la desigualdad e inestabilidad _h[recurso electrónico en línea] |
| 506 | 0 | _aAcceso abierto | |
| 520 | 3 |
_aEste artículo compara los modelos de empleo y regímenes de bienestar en Europa y Latinoamérica entre 2008 y 2023. Subrayamos tres puntos claves: primero, las instituciones de distribución y el ideal de democracia igualitaria han retrocedido en todos los regímenes de bienestar. Las desigualdades en los ingresos se estancaron o aumentaron en Europa, mientras que en algunos países de América Latina se redujeron; segundo, la pérdida de recursos de poder sindical correlaciona con el debilitamiento de las instituciones distributivas, los modelos de economías coordinadas han sostenido mejor la distribución que las economías liberales de mercado; y, tercero, los principales factores discriminantes son la institucionalidad social-laboral versus informalidad, a más distancia las tasas de actividad ocupacional y la cobertura de la negociación colectiva. En la institucionalidad social se distinguen cinco tipos: alta, media-alta, media-baja, baja y muy baja. _cREIS |
|
| 653 | _aInstituciones | ||
| 653 | _aDesigualdad | ||
| 653 | _aDistribución | ||
| 653 | _aInformalidad | ||
| 653 | _aProtección social | ||
| 653 | _aLiberalismo | ||
| 653 | _aSindicatos | ||
| 773 |
_gNo. 193 (2025), p. 89-112 _tREIS: revista española de investigaciones sociológicas _x1988-5903 |
||
| 856 | 4 | _uhttps://reis.cis.es/index.php/reis/article/view/2463 | |
| 856 | 4 | _uhttps://reis.cis.es/index.php/reis/article/view/2463/3081 | |
| 902 | _aLeonor Sotres/020726 | ||
| 942 | _cART-E | ||
| 999 |
_c215494 _d215494 |
||